Adivina la canción de Eurovisión por la letra EN ESPAÑOL - Ganadoras - Estadísticas

Estadísticas generales
  • Esta prueba ha sido intentada 233 veces
  • La puntuación promedio es 9 de 16
Estadísticas de respuestas
Hint Respuesta % Correcto
No soy tu juguete, muchacho estúpido! Israel 2018
89%
Elevarme como un fénix, desde las cenizas, buscando no venganza, sino retribución Austria 2014
79%
Todo lo que sé, todo lo que sé; amarte es un juego perdido Países Bajos 2019
75%
Como un satélite, estoy orbitando todo el tiempo alrededor tuyo Alemania 2010
72%
Somos los héroes de nuestra era, pero estamos bailando con el diablo en nuestras mentes Suecia 2015
72%
Estoy enamorado de este cuento de hadas, a pesar de que duele Noruega 2009
71%
Estamos mal de la cabeza, pero somos distintos a ellos Italia 2021
55%
Estoy corriendo, estoy asustado esta noche; estoy corriendo, estoy asustado de la vida Azerbaiyán 2011
51%
Yo fui al infierno y volví, para encontrarme a mí mismo en el camino Suiza 2024
51%
¿Cuántas veces podemos ganar o perder? ¿Cuántas veces podemos romper las reglas entre nosotros? Dinamarca 2013
48%
No, no me interesan en absoluto, porque todo lo que quiero es ser amada Suecia 2023
46%
Yo sé que no te amas solo, tal vez puedas volver a aprender despacio Portugal 2017
43%
No pude pasar mi juventud allí porque tú te llevaste mi paz Ucrania 2016
41%
El campo florece, pero ella se vuelve gris. Cántame una canción de cuna, madre Ucrania 2022
39%
Plegaria; es como fuego en mis labios. Plegaria; en vez de palabras sólo tu nombre Serbia 2007
34%
Una pieza de arte que dura para siempre, un amor que late dentro de mi corazón Suecia 2012
30%
No se encontraron pruebas coincidentes
Distribución de puntuación
Porcentaje de gente con cada puntuación
Porcentaje por número respondido
Historial de tus puntuaciones
No has intentado esta prueba.